| 000 | 00744nam a2200229 i 4500 | ||
|---|---|---|---|
| 001 | 179809 | ||
| 003 | ES-MaACL | ||
| 005 | 20250629063146.0 | ||
| 008 | 120125s1994 sp |||| | spa d | ||
| 020 | _a84-7506-407-8 | ||
| 080 | _a821.134.2-82"14" | ||
| 100 | 1 |
_aMena, Juan de, _d1411-1456 _980047 |
|
| 245 | 1 | 0 |
_aObra completa / _cJuan de Mena ; [edición y prólogo de Angel Gómez Moreno y Teresa Jiménez Calvente]. |
| 260 |
_aMadrid : _bTurner, _c[1994] |
||
| 300 |
_aXLIV, 672 p. ; _c23 cm. |
||
| 490 | 1 | _aBiblioteca Castro | |
| 700 | 0 |
_aGómez Moreno, Angel. _958064 |
|
| 700 | 1 |
_aJiménez Calvente, Teresa. _9149218 |
|
| 830 | 0 |
_aBiblioteca Castro _9178957 |
|
| 852 |
_aES-MaACL _jL-29790 |
||
| 999 |
_c179809 _d179809 |
||